MARC

LEADER 00000nam0a2200000 4500
001 72547
005 20231031083529.0
010 |a 5343011829 
035 |a (RuTPU)RU\TPU\book\77356 
090 |a 72547 
100 |a 20050127d1993 m y0rusy50 ca 
101 0 |a rus 
102 |a BY 
105 |a a z 001zy 
200 1 |a Центробежное припекание порошковых покрытий при переменных силовых воздействиях  |f Н. Н. Дорожкин, Л. П. Кашицин, Т. М. Абрамович, И. А. Кирпиченко  |g Под ред. В. Г. Горобцова 
210 |a Минск  |c Наука и техника  |d 1993 
215 |a с.  |c ил. 
320 |a Библиогр.: с. 151-157 
610 1 |a порошковые покрытия 
610 1 |a центробежное припекание 
610 1 |a силовые воздействия 
610 1 |a кинетика 
610 1 |a электромагнитная обработка 
675 |a 621.793.8  |v 3 
701 1 |a Дорожкин  |b Н. Н.  |g Нил Николаевич 
701 1 |a Кашицин  |b Л. П.  |g Леонид Павлович 
701 1 |a Абрамович  |b Т. М.  |g Торий Меерович 
701 1 |a Кирпиченко  |b И. А.  |g Инесса Анатольевна 
702 1 |a Горобцов  |b В. Г.  |4 340 
801 1 |a RU  |b 63413507  |c 20050127  |g PSBO 
801 2 |a RU  |b 63413507  |c 20111017  |g RCR 
942 |c BK